000 00895cam a2200277 a 4500
008
020 _a0199630232 (pbk.)
049 _aMAIN
090 _aQP551
245 0 0 _aProtein purification applications :
_ba practical approach /
_cedited by E.L.V. Harris and S. Angal.
260 _aOxford :
_bIRL Press at Oxford University Press,
_c1990.
300 _axiv, 179 p. :
_bill. ;
_c23 cm.
440 4 _aThe Practical approach series
500 _aIncludes index.
504 _aIncludes bibliographical references.
650 0 _aProteins
_xPurification.
650 2 _aProteins
_xisolation & purification.
700 1 _aHarris, E. L. V.
700 1 _aAngal, S.
730 0 _aProtein purification methods.
907 _a.b10055277
_b12-08-05
_c17-04-03
003
005 20230123133705.0
040 _cNUST
942 _cBOOKS
_kQP551
999 _c152943
_d152943